000 01015nam a2200265 i 4500
001 bg
100 1 _aPIASECKI, Jacek
245 1 0 _aIlościowy opis zjawiska termicznego pęcznienia glin /
_cJacek Piasecki.
260 _aSzczecin :
_bWydaw. Uczelniane PS,
_c1992
_e(Szczec. :
_f"Zapol").
300 _a102 s. :
_brys., wykr. ;
_c24 cm.
490 1 _aPrace Naukowe Politechniki Szczecińskiej. Instytut Inżynierii Lądowej,
_x0208-7146 ;
_vnr 32
500 _aNumeracja ser. gł. : nr 498.
504 _aBibliogr. s. 93-97. - Summ., Zsfassung.
650 9 _aGlina
_xbadanie
650 9 _aKeramzyt
_xtechnologia
650 9 _aModele matematyczne
_xstosowanie
_xbudownictwo
710 _aPOLITECHNIKA SZCZECIŃSKA (szczecin). Instytut Inżynierii Lądowej
830 0 _aPrace Naukowe Politechniki Szczecińskiej.
_pInstytut Inżynierii Lądowej ;
_vnr 32
015 _aPB 936/94
040 _cBPK
041 0 _apl
_bdeen
080 _a666.3:691:51
942 _cKS
008 s pl f |000 0 pol
999 _c30053
_d30053
856 _uhttp://koha.tu.koszalin.pl/cgi-bin/koha/opac-detail.pl?biblionumber=30053
_yKatalog online BPK